Normal view
MARC view
Entry Personal Name
001 - CONTROL NUMBER
- control field: 87880
003 - CONTROL NUMBER IDENTIFIER
- control field: dpl
005 - DATE AND TIME OF LATEST TRANSACTION
- control field: 20260228163352.0
008 - FIXED-LENGTH DATA ELEMENTS
- fixed length control field: 260228|| aca||aabn | a|a d
040 ## - CATALOGING SOURCE
- Original cataloging agency: dpl
- Transcribing agency: dpl
100 ## - HEADING--PERSONAL NAME
- Personal name: Shukla, Shalu
670 ## - SOURCE DATA FOUND
- Source citation: Work cat.: (dpl)215130: Shukla, Shalu , Ikigai For Chilren/, 2025
